[Event "Belgrade Serbia op"]
[Site "Belgrade"]
[Date "2023.07.18"]
[Round "3"]
[White "Vlahovic, Milan"]
[Black "Ostojic, Katarina"]
[Result "1/2-1/2"]
[WhiteElo "2182"]
[BlackElo "2009"]
[PlyCount "94"]
[EventDate "2023.07.16"]
[EventType "swiss"]
[EventRounds "9"]
[EventCountry "SRB"]
[SourceTitle "CBM 215 Extra"]
[Source "ChessBase"]
[SourceDate "2023.09.30"]
[SourceVersion "1"]
[SourceVersionDate "2023.09.30"]
[SourceQuality "1"]

1. d4 Nf6 2. Nf3 g6 3. c4 Bg7 4. g3 0-0 5. Bg2 c5 6. d5 b5 7. cxb5 d6 8. 0-0 a6 9. bxa6 Bf5 10. Nfd2 Nxa6 11. e4 Bd7 12. Nc3 Nb4 13. Nc4 Bg4 14. f3 Bc8 15. Re1 Nd7 16. Bg5 Ne5 17. Nxe5 Bxe5 18. a3 Na6 19. Bh6 Bd4+ 20. Kh1 Re8 21. Qd2 Qb6 22. Rab1 Bd7 23. Be3 Bxe3 24. Qxe3 Rab8 25. Bf1 Rec8 26. Bc4 Nc7 27. a4 Qa5 28. b3 Na8 29. e5 Bf5 30. Rbd1 dxe5 31. g4 Bd7 32. Qxe5 Re8 33. Ne4 Nb6 34. d6 Nxc4 35. bxc4 f6 36. Qd5+ Kg7 37. Qxc5 Qxc5 38. Nxc5 Bc6 39. Ne6+ Kf7 40. Nd4 Bxa4 41. Ra1 exd6 42. Rxe8 Bxe8 43. Ra7+ Kg8 44. Ra6 Rc8 45. Rxd6 Rxc4 46. Kg2 Kf7 47. Nb3 Rc6 1/2-1/2

[Event "Belgrade Serbia op"]
[Site "Belgrade"]
[Date "2023.07.17"]
[Round "2"]
[White "Tolstykh, Viktor"]
[Black "Vlahovic, Milan"]
[Result "1-0"]
[WhiteElo "1845"]
[BlackElo "2182"]
[PlyCount "75"]
[EventDate "2023.07.16"]
[EventType "swiss"]
[EventRounds "9"]
[EventCountry "SRB"]
[SourceTitle "CBM 215 Extra"]
[Source "ChessBase"]
[SourceDate "2023.09.30"]
[SourceVersion "1"]
[SourceVersionDate "2023.09.30"]
[SourceQuality "1"]

1. d4 Nf6 2. c4 g6 3. Nc3 Bg7 4. e4 d6 5. Be2 0-0 6. h4 c5 7. d5 e6 8. h5 exd5 9. exd5 Na6 10. h6 Bh8 11. Bg5 Re8 12. Kf1 Nc7 13. Rh4 Re7 14. Rf4 Nce8 15. Qd3 Re5 16. Nf3 Rf5 17. Rh4 Rxg5 18. Nxg5 Nd7 19. Nf3 Ne5 20. Qe3 Bf5 21. Re1 Nxf3 22. Bxf3 Bf6 23. Rh1 Bg5 24. Qe2 Nf6 25. g4 Bd7 26. Kg2 Qf8 27. Qe7 Re8 28. Qxf8+ Kxf8 29. Rxe8+ Kxe8 30. Kg3 Ke7 31. Ne4 Nxe4+ 32. Bxe4 f5 33. gxf5 gxf5 34. Rh5 Kf6 35. f4 Bxf4+ 36. Kxf4 fxe4 37. Rg5 e3 38. Rg3 1-0

[Event "YUG-chT2"]
[Site "Tivat"]
[Date "1995.??.??"]
[Round "11"]
[White "Vlahovic, Milan"]
[Black "Rabrenovic, Vladan"]
[Result "1/2-1/2"]
[WhiteElo "2220"]
[BlackElo "2315"]
[PlyCount "22"]
[EventDate "1995.??.??"]
[EventType "team"]
[EventRounds "11"]
[EventCountry "YUG"]
[SourceTitle "EXT 2002"]
[Source "ChessBase"]
[SourceDate "2001.11.25"]
[SourceVersion "1"]
[SourceVersionDate "2001.11.25"]
[SourceQuality "1"]

1. d4 d5 2. Nf3 c5 3. c4 e6 4. cxd5 exd5 5. g3 Nc6 6. Bg2 Nf6 7. 0-0 Be7 8. Be3 cxd4 9. Nxd4 0-0 10. Nc3 Re8 11. Qb3 Na5 1/2-1/2